01500ngm a2200277 a 450000500170000000800370001704100080005408200140006211000360007624501730011225000180028530000540030349000280035752004660038553400550085165000360090665000400094265000540098294200130103626400350104933600270108433700330111133800280114404000350117299900150120720220317001841.0170410s2014 c g 000 0 s aspa04a520bD37c2 aDiscovery Communications97792110aDentro del universobviaje a través del tiempo con Stephen Hawking = Into de universebtime travel with Stephen HawkingcDiscovery Communicationshvideodisco digital a1a. edición a1 DVD (45 minutos)bsonido, color, digitalc12 cm aDiscovery en la escuela aMe llamo Stephen Hawking, físico, cosmólogo y en cierta forma soñador y a pesar que no puedo hablar sino a través de un computador, en mi mente soy libre, para explorar el universo y para plantearme grandes interrogantes como ¿si es posible viajar en el tiempo?, ¿podemos abrir un portal hacía el pasado?, ¿o encontrar un atajo hacia el futuro?, ¿podemos utilizar las leyes de la naturaleza para manejar el tiempo a nuestro antojo? íDESCUBRANLO! tInto de universe: time travel with Stephen Hawking142LEMBaAstronomíavVideodiscos142LEMBaEspacio y tiempovVideodiscos142LEMBaAgujeros negros (astronomía)vVideodiscos 2ddccDVD aBogotábMS Tv & Videosc2014 atextobtxt2rdacontent asin mediaciónbn2rdamedia avolumenbnc2rdacarrier aCO-BoRNBPbspaerdacCO-BoRNBP c8303d8303